[Event "KAZ-ch Men 2017"]
[Site "Almaty"]
[Date "2017.04.11"]
[Round "1"]
[White "Kazhgaleyev, Murtas"]
[Black "Utegaliyev, Azamat"]
[Result "1-0"]
[WhiteElo "2594"]
[BlackElo "2516"]
[Annotator "TA"]
[PlyCount "95"]
[EventDate "2017.??.??"]
[EventType "tourn"]
[EventCountry "KAZ"]
[SourceTitle "playchess.com"]
[Source "ChessBase"]
[SourceQuality "1"]

{[%evp 18,95,51,31,33,25,29,18,25,16,3,16,18,49,36,25,15,9,26,12,58,58,78,14,14,30,35,11,11,16,27,14,14,3,4,0,8,8,8,8,8,7,8,8,8,7,21,0,0,-8,-8,-8,82,85,159,172,709,835,764,720,262,8,8,8,2823,2449,2275,2380,2162,2162,29967,29968,29968,29968,29964,29965,29982,29983,29983,29982]} 1. d4 d5 {[%cal Bd7d5,Bd5c4][%mdl 32]} 2. c4 dxc4 3. Nf3 a6 4. e3 b5 5. a4 Bb7 6. b3 Nf6 {D22: Queen's Gambit Accepted: 3 Nf3 a6 4 e3} 7. bxc4 bxc4 8. Bxc4 e6 9. Nbd2 Nbd7 10. Rb1 {LiveBook: 10 Games} (10. Qb3 Rb8 11. Qd3 Nd5 12. Bxd5 exd5 13. Ba3 c5 14. dxc5 Bxc5 {0-1 (41) Dominguez Perez,L (2732)-Ponomariov,R (2712) Huaian 2016}) 10... Rb8 11. O-O Be7 12. Qe2 O-O 13. Bxa6 Bxa6 14. Qxa6 Rxb1 15. Nxb1 Qa8 $146 16. Qc4 c5 17. Nc3 Rc8 18. Qb3 Qa5 19. Bd2 cxd4 {[#]} 20. Ne4 $1 {[%mdl 512]} (20. Nxd4 $16 Bb4 21. Nde2) 20... Qb6 $11 (20... Nxe4 21. Bxa5) 21. Nxf6+ Bxf6 22. Qxb6 Nxb6 23. a5 Nc4 24. Rc1 d3 25. Bb4 Bb2 26. Rd1 e5 27. e4 f5 28. exf5 Rb8 29. Be1 $36 {[%mdl 2048] White has some pressure.} ({But not} 29. Rxd3 $2 Rxb4 30. a6 (30. Rd8+ $2 Kf7 31. a6 Ra4 $19) 30... Ra4 $19) 29... e4 30. Nd2 Nxd2 $1 31. Bxd2 {[%mdl 4096] Endgame Black must now prevent Rb1. KRB-KRB} ({Much weaker is} 31. Rxd2 Bc3 32. Rd1 d2 $1 {[%mdl 512]} 33. Bxd2 Bxd2 $17) 31... Bd4 32. g4 {[%cal Bg2g4,Bg4g5][%mdl 32]} Rb2 {Threatens to win with ...Rxd2!} 33. Kf1 Kf7 34. g5 $1 Rb5 (34... Ke7 $11 {keeps the balance.}) 35. Re1 $16 Rxf5 (35... Bc5 $142) 36. Rxe4 Bxf2 $2 (36... Rd5 37. f4 Ba7) 37. Rf4 $18 Rxf4 38. Bxf4 {KB-KB} Bc5 39. Kg2 $2 ({White should try} 39. a6 $18) 39... Ke6 $1 $11 40. Kf3 Kf5 $2 {[%mdl 8192]} (40... Kd5 $11) 41. a6 $18 Ba7 42. h4 Kg6 43. Be3 Bb8 44. a7 {White mates.} Bxa7 45. Bxa7 Kh5 {[#]} 46. Bf2 $1 {[%cal Rf2e1]} g6 47. Be1 ({Worse is} 47. Ke3 h6 $11) 47... h6 48. Bd2 1-0

[Event "KAZ-ch Men 2017"]
[Site "Almaty"]
[Date "2017.04.11"]
[Round "1"]
[White "Murtas, Kazhgaleyev"]
[Black "Azamat, Utegaliyev"]
[Result "1-0"]
[WhiteElo "2594"]
[BlackElo "2516"]
[Annotator "TA"]
[PlyCount "95"]
[EventDate "2017.??.??"]
[EventType "tourn"]
[EventCountry "KAZ"]
[SourceTitle "playchess.com"]
[Source "ChessBase"]
[SourceQuality "1"]

{[%evp 18,95,52,14,31,25,18,21,24,24,16,18,16,35,45,41,33,30,39,7,61,70,65,13,26,20,30,23,10,10,20,12,33,8,0,0,9,8,8,8,8,11,8,8,8,8,33,0,0,0,0,0,64,69,168,161,340,338,335,325,238,8,8,8,1397,1397,1279,1210,1100,1052,29965,29966,29963,29964,29956,10087,29982,29983,29983,29982]} 1. d4 d5 {[%cal Bd7d5,Bd5c4][%mdl 32]} 2. c4 dxc4 3. Nf3 a6 4. e3 b5 5. a4 Bb7 6. b3 Nf6 {D22: Queen's Gambit Accepted: 3 Nf3 a6 4 e3} 7. bxc4 bxc4 8. Bxc4 e6 9. Nbd2 Nbd7 10. Rb1 {LiveBook: 10 Games} (10. Qb3 Rb8 11. Qd3 Nd5 12. Bxd5 exd5 13. Ba3 c5 14. dxc5 Bxc5 {0-1 (41) Dominguez Perez,L (2732)-Ponomariov,R (2712) Huaian 2016}) 10... Rb8 11. O-O Be7 12. Qe2 O-O 13. Bxa6 Bxa6 14. Qxa6 Rxb1 15. Nxb1 Qa8 $146 16. Qc4 c5 17. Nc3 Rc8 18. Qb3 Qa5 (18... cxd4 $11 19. exd4 (19. Nxd4 Nc5 20. Qb5 Bf8 $11) 19... Rb8) 19. Bd2 $14 cxd4 20. Ne4 (20. Nxd4 $14 Bb4 21. Rc1) 20... Qb6 $1 $11 {[%cal Rb6b3]} 21. Nxf6+ Bxf6 22. Qxb6 Nxb6 23. a5 Nc4 24. Rc1 d3 25. Bb4 {Hoping for Nd2.} Bb2 26. Rd1 e5 27. e4 f5 28. exf5 Rb8 29. Be1 $36 {[%mdl 2048] Black is under pressure.} ({Don't capture} 29. Rxd3 $2 Rxb4 30. a6 (30. Rd8+ $2 Kf7 31. a6 Ra4 $19) 30... Ra4 $19) 29... e4 30. Nd2 Nxd2 $1 31. Bxd2 {[%mdl 4096] Endgame aiming for Rb1. KRB-KRB} Bd4 32. g4 {[%cal Bg2g4,Bg4g5][%mdl 32]} Rb2 {White must now prevent ...Rxd2!} 33. Kf1 Kf7 34. g5 $1 {[#]} Rb5 (34... h6 $1 $11 {[%mdl 512]} 35. h4 (35. gxh6 $2 gxh6 36. Be1 Kf6 $19) 35... hxg5 36. hxg5 Rc2) 35. Re1 $14 Rxf5 (35... Re5 $14) 36. Rxe4 $18 Bxf2 $2 (36... Rd5 37. f4 Ba7) 37. Rf4 Rxf4 38. Bxf4 {KB-KB} Bc5 39. Kg2 $2 (39. a6 $18) 39... Ke6 $1 $11 40. Kf3 Kf5 $2 {[%mdl 8192]} (40... Kd5 $11) 41. a6 $18 Ba7 42. h4 Kg6 43. Be3 Bb8 44. a7 Bxa7 45. Bxa7 Kh5 {[#]} 46. Bf2 $1 {[%cal Rf2e1]} g6 47. Be1 ({Weaker is} 47. Ke3 h6 $11) 47... h6 48. Bd2 1-0

[Event "KAZ-ch Men 2017"]
[Site "Almaty"]
[Date "2017.04.11"]
[Round "1"]
[White "Anuar, Ismagambetov"]
[Black "Dinara, Saduakassova"]
[Result "1/2-1/2"]
[WhiteElo "2545"]
[BlackElo "2449"]
[Annotator "TA"]
[PlyCount "83"]
[EventDate "2017.??.??"]
[EventType "tourn"]
[EventCountry "KAZ"]
[SourceTitle "playchess.com"]
[Source "ChessBase"]
[SourceQuality "1"]

{[%evp 13,83,52,50,-21,-8,-9,-27,-94,-41,-50,-43,-41,-39,-34,-34,-49,-49,-28,23,16,14,0,0,0,8,33,4,1,47,53,48,36,57,42,39,67,91,46,66,60,68,31,42,29,35,21,83,60,56,0,0,0,28,0,26,-42,43,30,83,72,76,23,51,38,57,0,0,0,0,0,0,0]} 1. e4 c5 2. Nf3 e6 {[%cal Be7e6,Be6e5][%mdl 32]} 3. d4 cxd4 4. Nxd4 Nf6 5. Nc3 d6 6. g4 e5 7. Nf5 h5 8. Bb5+ {B81: Sicilian Scheveningen: Keres Attack} ({White should play} 8. Bg5 $14) (8. g5 Nxe4 9. Nxg7+ Bxg7 10. Nxe4 d5 11. Ng3 Bg4 12. Be2 Nc6 13. Nxh5 Bxh5 14. Bxh5 e4 15. h4 d4 16. Qe2 Kf8 {½-½ (36) Svidler,P (2749)-Kurnosov,I (2663) Astana 2012}) 8... Nc6 $11 9. Bg5 hxg4 10. Qd3 (10. Nd5 $11) 10... Rh5 (10... a6 $17 11. Ba4 Bxf5 12. exf5 Rc8) 11. Bxf6 $146 (11. h4 gxh3 12. f4 exf4 13. Bxf4 Bxf5 14. exf5 Qd7 15. O-O-O O-O-O {0-1 (29) Lejlic,S (2235)-Kosic,D (2415) Kladovo 1990}) 11... Qxf6 12. Nd5 Qd8 13. O-O-O g6 14. Nfe3 Be6 15. Kb1 Rc8 (15... a6 $142 16. Bc4 b5) 16. Qa3 $1 $36 {[%cal Ra3a7][%mdl 2048] Strongly threatening Qxa7. White has good play.} a6 17. Be2 Rh4 18. c3 Bxd5 19. Nxd5 Bh6 20. Rdg1 Kf8 21. Bxg4 Rb8 22. h3 Kg7 23. Rd1 Na5 24. b3 Nc6 25. Rd3 Bg5 26. Rhd1 Rh8 27. Rg1 Bh4 28. Qb2 b5 29. Ne3 Ne7 {[#]} (29... Qf6 $11) 30. Rgd1 $1 $16 Rb6 31. Ng2 (31. c4 $14 Qa8 32. f3 (32. Rxd6 Rxd6 33. Rxd6 Qxe4+ 34. Ka1 bxc4 35. Nxc4 Qe1+ 36. Rd1 Qxf2 37. Qxf2 Bxf2 38. Nxe5 f5 $17) (32. c5 dxc5 33. Qxe5+ Bf6 34. Qxc5 Rc6 $11)) 31... Bf6 $11 32. Qd2 Qa8 33. Qe3 Qb8 34. Qd2 (34. f4 $11) 34... Rd8 (34... d5 $15) 35. h4 $14 Qb7 (35... Rh8 $11 {keeps the balance.}) 36. Qe3 $16 d5 {[%cal Bd6d5,Bd5d4][%mdl 32]} 37. h5 ({Better is} 37. f4 $16) 37... d4 38. Qe2 Rbd6 $1 39. hxg6 (39. f4 $14) 39... Nxg6 $11 {The position is equal.} 40. Bf5 Qc7 41. Bxg6 fxg6 42. cxd4 1/2-1/2

[Event "KAZ-ch Men 2017"]
[Site "Almaty"]
[Date "2017.04.11"]
[Round "1"]
[White "Ismagambetov, Anuar"]
[Black "Saduakassova, Dinara"]
[Result "1/2-1/2"]
[WhiteElo "2545"]
[BlackElo "2449"]
[Annotator "TA"]
[PlyCount "83"]
[EventDate "2017.??.??"]
[EventType "tourn"]
[EventCountry "KAZ"]
[SourceTitle "playchess.com"]
[Source "ChessBase"]
[SourceQuality "1"]

{[%evp 17,83,-18,-25,-79,-26,-40,-34,-43,-30,-27,-45,-41,-34,-55,0,0,4,0,0,0,18,30,28,29,49,50,65,56,68,57,59,72,101,68,60,62,54,22,38,14,41,16,73,64,65,0,0,0,16,0,0,-46,39,27,96,68,70,37,56,43,72,0,0,0,0,0,0,0]} 1. e4 c5 2. Nf3 e6 {[%cal Be7e6,Be6e5][%mdl 32]} 3. d4 cxd4 4. Nxd4 Nf6 5. Nc3 d6 6. g4 e5 7. Nf5 h5 8. Bb5+ {B81: Sicilian Scheveningen: Keres Attack} (8. g5 Nxe4 9. Nxg7+ Bxg7 10. Nxe4 d5 11. Ng3 Bg4 12. Be2 Nc6 13. Nxh5 Bxh5 14. Bxh5 e4 15. h4 d4 16. Qe2 Kf8 {½-½ (36) Svidler,P (2749)-Kurnosov,I (2663) Astana 2012}) 8... Nc6 9. Bg5 hxg4 {LiveBook: 3 Games} 10. Qd3 (10. Nd5 $11 {remains equal.}) 10... Rh5 (10... a6 $17 11. Bxc6+ bxc6) 11. Bxf6 $146 (11. h4 gxh3 12. f4 exf4 13. Bxf4 Bxf5 14. exf5 Qd7 15. O-O-O O-O-O {0-1 (29) Lejlic,S (2235)-Kosic,D (2415) Kladovo 1990}) 11... Qxf6 12. Nd5 Qd8 13. O-O-O g6 14. Nfe3 Be6 15. Kb1 Rc8 ({Black should play} 15... a6 $15 16. Bc4 b5) 16. Qa3 $11 {[#] Hoping for Qxa7.} a6 $132 {[%mdl 2048] Black is not keeping still (2)} 17. Be2 Rh4 18. c3 Bxd5 19. Nxd5 Bh6 20. Rdg1 Kf8 21. Bxg4 Rb8 22. h3 $1 Kg7 23. Rd1 Na5 24. b3 Nc6 25. Rd3 Bg5 26. Rhd1 Rh8 27. Rg1 Bh4 28. Qb2 b5 29. Ne3 Ne7 (29... Qf6 $11) 30. Rgd1 $16 Rb6 31. Ng2 Bf6 32. Qd2 {[%cal Rd3d6]} Qa8 33. Qe3 Qb8 34. Qd2 {[%cal Rd3d6]} Rd8 ({Black should try} 34... d5 $15) 35. h4 $14 Qb7 (35... Rh8 $11) 36. Qe3 d5 {[%cal Bd6d5,Bd5d4][%mdl 32]} 37. h5 d4 38. Qe2 Rbd6 39. hxg6 (39. f4 $16) 39... Nxg6 $11 {The position is equal.} 40. Bf5 Qc7 41. Bxg6 fxg6 42. cxd4 1/2-1/2

[Event "KAZ-ch Men 2017"]
[Site "Almaty"]
[Date "2017.04.11"]
[Round "1"]
[White "Kirill, Kuderinov"]
[Black "Ayan, Akhmetov"]
[Result "1-0"]
[WhiteElo "2482"]
[BlackElo "2311"]
[Annotator "TA"]
[PlyCount "91"]
[EventDate "2017.04.15"]
[EventType "tourn"]
[EventCountry "KAZ"]
[SourceTitle "playchess.com"]
[Source "ChessBase"]
[SourceQuality "1"]

{[%evp 21,91,60,59,54,74,75,70,74,77,77,86,68,78,75,80,84,93,87,77,75,80,73,90,78,91,88,92,71,79,79,73,71,128,117,126,123,190,141,181,108,104,113,72,72,126,126,133,127,131,124,132,136,132,143,567,534,581,461,647,647,691,710,706,692,655,694,707,700,683,689,644,619]} 1. e4 c5 2. Nf3 d6 3. Bb5+ Nd7 4. O-O a6 5. Bxd7+ Bxd7 6. d4 cxd4 7. Qxd4 Nf6 8. Bg5 Bc6 {B51: Sicilian: Moscow Variation (3 Bb5+) without 3...Bd7} (8... e6 9. Nbd2 Bc6 10. Nc4 b5 11. Nb6 Rb8 12. Nd5 exd5 13. exd5 Bb7 14. Rfe1+ Kd7 15. a4 Be7 16. axb5 axb5 {1-0 (29) Bok,B (2598)-Wojtaszek,R (2749) Doha 2016}) 9. Nc3 e5 10. Qd3 h6 11. Bxf6 Qxf6 {LiveBook: 3 Games} 12. Nd5 Qd8 13. Nd2 $146 {[%cal Bf3d2,Bd2c4,Bc4e3,Be3d5,Bd5b4][%mdl 32]} (13. Rad1 Bxd5 14. Qxd5 Qc7 {½-½ (39) Aminov,A (2147)-Tseitlin,M (2390) St Petersburg 2012}) 13... Rc8 14. Nc4 Bxd5 15. Qxd5 Be7 16. Rfd1 (16. Rad1 $5 {feels hotter.} O-O 17. c3 Rc6 18. g3 Qc7 19. Ne3) 16... O-O 17. c3 Rc6 18. Ne3 g6 19. Qb3 Bg5 20. Nd5 (20. Qxb7 Rb6 21. Qd5 Bxe3 22. fxe3 Rxb2 $15) 20... Qd7 21. Nb4 Rc7 22. Rd3 a5 23. Nd5 Rc5 24. Rad1 Qc6 25. g3 {[%cal Bg2g3,Bg3f4][%mdl 32]} Kg7 26. Qc2 f5 (26... h5 $142) 27. exf5 $16 gxf5 28. f4 exf4 (28... e4 $16 {keeps fighting.} 29. fxg5 exd3 30. gxh6+ Kh7 31. Qxd3 Qe8) 29. gxf4 ({Resist} 29. Nxf4 $6 Bxf4 30. gxf4 Kh7 $14) 29... Bh4 {[#]} 30. Qg2+ (30. Rh3 $1 $18 Kh7 31. Qd3 (31. Qg2 Rg8 32. Rg3 Bxg3 33. Nf6+ Kh8 34. Nxg8 Bxf4 $17)) 30... Kh7 31. Kh1 {Threatens to win with Rg1.} Rg8 32. Qf3 $36 {[%mdl 2048] White has strong initiative.} Qe8 ({Black should try} 32... Rg4) 33. Ne3 Qe4 34. Qxe4 fxe4 35. Rxd6 Bf2 36. Rd7+ Kh8 37. Nd5 {Threatening mate with Nf6.} Rg6 $2 {[%mdl 8192]} (37... Bh4 $16 {is more resistant.} 38. Rxb7 Rd8) 38. f5 $18 {White is clearly winning.} ({Don't capture} 38. Rxb7 $2 {[#]} Rxd5 $1 {[%mdl 512]} 39. Ra1 (39. Rb8+ $2 Kg7 40. Ra1 Rd2 $19) 39... Rg4 $19) 38... Ra6 39. Kg2 Bh4 (39... e3 $142 40. Rxb7 Rc8) 40. Rd4 Ra8 41. Rxe4 Rg8+ 42. Kf3 Bg5 43. h4 Bd8 44. Re6 {[%cal Re6h6]} Rc6 45. Rxc6 bxc6 46. Nf4 1-0

[Event "KAZ-ch Men 2017"]
[Site "Almaty"]
[Date "2017.04.11"]
[Round "1"]
[White "Kuderinov, Kirill"]
[Black "Akhmetov, Ayan"]
[Result "1-0"]
[WhiteElo "2482"]
[BlackElo "2311"]
[Annotator "TA"]
[PlyCount "91"]
[EventDate "2017.??.??"]
[EventType "tourn"]
[EventCountry "KAZ"]
[SourceTitle "playchess.com"]
[Source "ChessBase"]
[SourceQuality "1"]

{[%evp 21,91,57,58,55,74,74,75,75,75,75,75,81,81,77,79,76,85,76,79,77,84,75,95,83,77,70,71,68,91,83,93,83,115,123,127,134,185,144,159,97,120,90,97,77,118,118,118,131,134,118,136,128,135,160,538,541,594,468,648,633,750,743,724,717,753,750,761,756,746,747,699,708]} 1. e4 c5 2. Nf3 d6 3. Bb5+ Nd7 4. O-O a6 5. Bxd7+ Bxd7 6. d4 cxd4 7. Qxd4 Nf6 8. Bg5 Bc6 {B51: Sicilian: Moscow Variation (3 Bb5+) without 3...Bd7} (8... e6 9. Nbd2 Bc6 10. Nc4 b5 11. Nb6 Rb8 12. Nd5 exd5 13. exd5 Bb7 14. Rfe1+ Kd7 15. a4 Be7 16. axb5 axb5 {1-0 (29) Bok,B (2598)-Wojtaszek,R (2749) Doha 2016}) 9. Nc3 e5 10. Qd3 h6 11. Bxf6 Qxf6 {LiveBook: 3 Games} 12. Nd5 Qd8 13. Nd2 $146 {[%cal Bf3d2,Bd2c4,Bc4e3,Be3d5,Bd5b4][%mdl 32]} (13. Rad1 Bxd5 14. Qxd5 Qc7 {½-½ (39) Aminov,A (2147)-Tseitlin,M (2390) St Petersburg 2012}) 13... Rc8 14. Nc4 Bxd5 15. Qxd5 Be7 16. Rfd1 O-O 17. c3 Rc6 18. Ne3 g6 19. Qb3 Bg5 20. Nd5 (20. Qxb7 Rb6 21. Qd5 Bxe3 22. fxe3 Rxb2 $15) 20... Qd7 21. Nb4 Rc7 22. Rd3 a5 23. Nd5 Rc5 24. Rad1 Qc6 25. g3 {[%cal Bg2g3,Bg3f4][%mdl 32]} Kg7 26. Qc2 f5 27. exf5 gxf5 28. f4 exf4 (28... Bd8 $16 29. fxe5 dxe5) 29. gxf4 (29. Nxf4 $6 Bxf4 30. gxf4 Kh8 $16) 29... Bh4 30. Qg2+ ({White should play} 30. Rh3 Kh7 31. Qd3 (31. Qg2 Rg8 32. Rg3 Bxg3 33. Nf6+ Kh8 34. Nxg8 Bxf4 $15)) 30... Kh7 $16 {...Rg8 would now be nice for Black.} 31. Kh1 {And now Rg1 would win.} Rg8 32. Qf3 Qe8 {[#]} 33. Ne3 $1 {aiming for b4.} Qe4 34. Qxe4 fxe4 35. Rxd6 Bf2 36. Rd7+ Kh8 37. Nd5 {Intending Nf6 and mate.} Rg6 $2 (37... Bh4 $16 {is a better chance.} 38. Rxb7 Rd8) 38. f5 $18 {White is clearly winning.} ({Don't choose} 38. Rxb7 $2 {[#]} Rxd5 $1 {[%mdl 512]} 39. Rb1 (39. Rb8+ $2 Kg7 40. Ra1 Rd2 $19) 39... Rg4 40. Rb8+ Kg7 $19) 38... Ra6 39. Kg2 Bh4 40. Rd4 Ra8 41. Rxe4 Rg8+ 42. Kf3 Bg5 43. h4 Bd8 44. Re6 {[%cal Re6h6]} Rc6 45. Rxc6 bxc6 46. Nf4 1-0

[Event "KAZ-ch Men 2017"]
[Site "Almaty"]
[Date "2017.04.11"]
[Round "1"]
[White "Saiyn, Zhanat"]
[Black "Agmanov, Zhandos"]
[Result "1/2-1/2"]
[WhiteElo "2395"]
[BlackElo "2377"]
[Annotator "TA"]
[PlyCount "92"]
[EventDate "2017.??.??"]
[EventType "tourn"]
[EventCountry "KAZ"]
[SourceTitle "playchess.com"]
[Source "ChessBase"]
[SourceQuality "1"]

{[%evp 18,92,23,14,18,21,19,0,0,0,8,6,9,0,0,0,0,-7,-7,-7,2,0,15,2,35,10,15,10,28,8,5,0,10,0,0,0,9,9,12,9,9,7,5,30,32,0,0,0,181,90,107,94,87,132,157,157,162,159,213,213,206,0,216,218,196,134,213,134,150,150,213,167,168,168,271,0,216]} 1. d4 Nf6 2. Nf3 e6 3. c4 b6 4. a3 Bb7 5. Nc3 d5 6. Bg5 Be7 7. e3 O-O 8. Qc2 Nbd7 {E12: Queen's Indian: Unusual White 4th moves, 4 a3, 4 Nc3 Bb7 5 a3 and 4 Nc3 Bb7} (8... c5 9. dxc5 bxc5 10. Rd1 h6 11. cxd5 exd5 12. Bh4 Nbd7 13. Bb5 Nb6 14. Bxf6 Bxf6 15. Ne4 Rc8 16. Nxc5 Bxb2 17. Qxb2 Rxc5 {½-½ (55) Mamedyarov,S (2743)-Leko,P (2708) Reykjavik 2015}) 9. cxd5 Nxd5 10. Bxe7 {LiveBook: 6 Games} Qxe7 11. Nxd5 Bxd5 12. Bd3 Bxf3 13. gxf3 Nf6 14. Rc1 {[%cal Ba1c1,Bc1c2,Bc2c6][%mdl 32]} c5 $1 15. dxc5 bxc5 16. Qxc5 Qb7 $146 17. Ke2 Qxb2+ 18. Rc2 $132 {[%mdl 2048] White is not keeping still (2)} Qb6 19. a4 Nd7 20. Qb5 Rfd8 21. Rd1 {Threatens to win with Be4.} Nf6 22. Rc6 Qb8 23. Qxb8 (23. f4 $5 {is more complex.} g6 24. Rdc1 Rd7 25. Qxb8+ Rxb8 26. Bb5) 23... Raxb8 24. Bb5 Nd5 25. Rd4 g6 26. f4 Kg7 27. Kf3 Rdc8 28. Rdc4 Rxc6 29. Rxc6 $11 {[%mdl 4096] Endgame KRB-KRN} Rb7 30. e4 Nc7 31. Bc4 Kf6 32. a5 {And now a6 would win.} a6 $2 (32... Ne8 $1 $11 {and Black has nothing to worry.}) 33. Bxa6 (33. Ke3 $18 {and White stays clearly on top.}) 33... Rb3+ 34. Kg2 Nxa6 35. Rxa6 $16 {KR-KR} Ra3 36. Ra7 h5 37. h4 Ra4 (37... Kg7 $16 38. a6 Kf6) 38. Kf3 $18 (38. e5+ $6 Kf5 $16) 38... Ra3+ 39. Kg2 Ra4 $1 {[#]} 40. f3 $1 ({Don't play} 40. e5+ $6 Kf5) 40... Ra2+ 41. Kg3 ({Better is} 41. Kf1 $18) 41... Ra4 (41... Kg7 $16 42. e5 Kf8) 42. a6 Ra2 43. Ra8 ({Much less strong is} 43. e5+ Kg7 44. Ra8 f5 45. exf6+ (45. a7 Kh7 46. Re8 Rxa7 $16) 45... Kxf6) 43... Ra4 (43... Kg7 $16 {was called for.} 44. e5 f5 45. exf6+ (45. a7 Kh7 46. Re8 Rxa7 $16) 45... Kxf6) 44. Kg2 Ra2+ {[#]} 45. Kh3 $1 Ra3 (45... Ra1 {is a better defense.} 46. a7 Ra6) 46. Kg3 Ra4 $1 1/2-1/2

[Event "KAZ-ch Men 2017"]
[Site "Almaty"]
[Date "2017.04.11"]
[Round "1"]
[White "Zhanat, Saiyn"]
[Black "Zhandos, Agmanov"]
[Result "1/2-1/2"]
[WhiteElo "2395"]
[BlackElo "2377"]
[Annotator "ChessBase"]
[PlyCount "92"]
[EventDate "2017.??.??"]
[EventType "tourn"]
[EventCountry "KAZ"]
[SourceTitle "playchess.com"]
[Source "ChessBase"]
[SourceQuality "1"]
[TimeControl "40/5400+30:1800+30"]

1. d4 {[%emt 0:00:00]} Nf6 {[%emt 0:00:44]} 2. Nf3 {[%emt 0:00:00]} e6 {[%emt 0:00:29]} 3. c4 {[%emt 0:00:00]} b6 {[%emt 0:00:40]} 4. a3 {[%emt 0:00:00]} Bb7 {[%emt 0:02:31]} 5. Nc3 {[%emt 0:00:00]} d5 {[%emt 0:02:25]} 6. Bg5 {[%emt 0:00:11]} Be7 {[%emt 0:01:06]} 7. e3 {[%emt 0:00:06]} O-O {[%emt 0:01:13]} 8. Qc2 {[%emt 0:00:39]} Nbd7 {[%emt 0:01:36]} 9. cxd5 {[%emt 0:00:53]} Nxd5 {[%emt 0:00:42]} 10. Bxe7 {[%emt 0:00:56]} Qxe7 {[%emt 0:00:13]} 11. Nxd5 {[%emt 0:18:38]} Bxd5 {[%emt 0:00:12]} 12. Bd3 {[%emt 0:37:48]} Bxf3 {[%emt 0:00:51]} 13. gxf3 {[%emt 0:02:02]} Nf6 {[%emt 0:00:27]} 14. Rc1 {[%emt 0:03:09]} c5 {[%emt 0:00:30]} 15. dxc5 {[%emt 0:01:20]} bxc5 {[%emt 0:00:12]} 16. Qxc5 {[%emt 0:06:52]} Qb7 {[%emt 0:00:13]} 17. Ke2 {[%emt 0:03:39]} Qxb2+ {[%emt 0:07:46]} 18. Rc2 {[%emt 0:00:18]} Qb6 {[%emt 0:03:53]} 19. a4 {[%emt 0:03:52]} Nd7 {[%emt 0:06:35]} 20. Qb5 {[%emt 0:05:46]} Rfd8 {[%emt 0:11:18]} 21. Rd1 {[%emt 0:04:44]} Nf6 {[%emt 0:08:17]} 22. Rc6 {[%emt 0:06:56]} Qb8 {[%emt 0:04:01]} 23. Qxb8 {[%emt 0:02:03]} Raxb8 {[%emt 0:00:32]} 24. Bb5 {[%emt 0:00:39]} Nd5 {[%emt 0:02:05]} 25. Rd4 {[%emt 0:01:09]} g6 {[%emt 0:01:36]} 26. f4 {[%emt 0:00:40]} Kg7 {[%emt 0:03:46]} 27. Kf3 {[%emt 0:00:13]} Rdc8 {[%emt 0:03:44]} 28. Rdc4 {[%emt 0:00:39]} Rxc6 {[%emt 0:01:39]} 29. Rxc6 {[%emt 0:00:13]} Rb7 {[%emt 0:03:21]} 30. e4 {[%emt 0:00:56]} Nc7 {[%emt 0:06:25]} 31. Bc4 {[%emt 0:00:29]} Kf6 {[%emt 0:00:58]} 32. a5 {[%emt 0:00:22]} a6 {[%emt 0:00:56]} 33. Bxa6 {[%emt 0:00:39]} Rb3+ {[%emt 0:01:05]} 34. Kg2 {[%emt 0:00:09]} Nxa6 {[%emt 0:00:13]} 35. Rxa6 {[%emt 0:00:03]} Ra3 {[%emt 0:01:16]} 36. Ra7 {[%emt 0:00:52]} h5 {[%emt 0:00:23]} 37. h4 {[%emt 0:00:47]} Ra4 {[%emt 0:00:30]} 38. Kf3 {[%emt 0:00:25]} Ra3+ {[%emt 0:00:06]} 39. Kg2 {[%emt 0:00:05]} Ra4 {[%emt 0:00:04]} 40. f3 {[%emt 0:00:04]} Ra2+ {[%emt 0:30:06]} 41. Kg3 {[%emt 0:30:11]} Ra4 {[%emt 0:00:57]} 42. a6 {[%emt 0:00:31]} Ra2 {[%emt 0:00:17]} 43. Ra8 {[%emt 0:00:11]} Ra4 {[%emt 0:05:13]} 44. Kg2 {[%emt 0:01:46]} Ra2+ {[%emt 0:00:12]} 45. Kh3 {[%emt 0:00:25]} Ra3 {[%emt 0:00:58]} 46. Kg3 {[%emt 0:00:06]} Ra4 {[%emt 0:00:06]} 1/2-1/2